| 000 | 00551nam a2200193Ia 4500 | ||
|---|---|---|---|
| 008 | 210423s2012 xx 000 0 und d | ||
| 020 | _a978-81-7319-566-2 | ||
| 041 | _aeng | ||
| 082 | _a543.0858 MOHO | ||
| 100 | _aMOHAN (Jag). | ||
| 245 | _aOrganic spectroscopy: principles and applications Ed 2 | ||
| 250 | _a2 | ||
| 260 |
_aNew Delhi _bNarosa Publishing House _c2012 |
||
| 300 |
_axiii,548 _bPB |
||
| 365 |
_b360 _cINR |
||
| 650 | _aChemistry | ||
| 650 | _aSpectroscopy | ||
| 906 | _aapplications ; Ed ; Organic ; principles ; spectroscopy: | ||
| 999 |
_c165148 _d165148 |
||